[Event "IND-chT (Women)"]
[Site "Pollachi"]
[Date "2023.02.12"]
[Round "3.2"]
[White "Saranya, Y."]
[Black "Shah, Vishwa Megh"]
[Result "0-1"]
[WhiteElo "1920"]
[BlackElo "2127"]
[PlyCount "84"]
[EventDate "2023.02.10"]
[EventType "team-swiss"]
[EventRounds "7"]
[EventCountry "IND"]
[SourceTitle "CBM 212 Extra"]
[Source "ChessBase"]
[SourceDate "2023.03.31"]
[SourceVersion "1"]
[SourceVersionDate "2023.03.31"]
[SourceQuality "1"]
[WhiteTeam "Tamil Nadu (W) II"]
[BlackTeam "Maharashtra (W)"]
[WhiteTeamCountry "IND"]
[BlackTeamCountry "IND"]

1. Nf3 c5 2. c4 Nc6 3. g3 g6 4. Bg2 Bg7 5. Nc3 e5 6. 0-0 Nge7 7. d3 0-0 8. a3 d6 9. Rb1 a5 10. Nd5 Nxd5 11. cxd5 Ne7 12. Ne1 b5 13. f4 exf4 14. Bxf4 Nf5 15. e4 Bd4+ 16. Kh1 Ne3 17. Bxe3 Bxe3 18. Nc2 Bh6 19. b3 Bg7 20. a4 Rb8 21. axb5 Rxb5 22. d4 Qb6 23. Na3 Rb4 24. dxc5 Qxc5 25. Rc1 Qa7 26. Rc6 Bb7 27. Rc4 Ba6 28. Rxb4 axb4 29. Nc4 Bxc4 30. bxc4 Rc8 31. Qe2 Qd4 32. Rc1 b3 33. Bf1 b2 34. Rd1 Qc3 35. Qd3 Qc1 36. Qb3 Be5 37. Bd3 Ra8 38. Bb1 Ra3 39. Qc2 Rc3 40. Qe2 Qxd1+ 41. Qxd1 Rc1 42. Bc2 Rxd1+ 0-1

[Event "IND-ch (Women) 48th"]
[Site "Hatkanangale"]
[Date "2023.01.02"]
[Round "8"]
[White "Shah, Vishwa Megh"]
[Black "Bristy, Mukherjee"]
[Result "1-0"]
[WhiteElo "2128"]
[BlackElo "1817"]
[PlyCount "77"]
[EventDate "2022.12.26"]
[EventType "swiss"]
[EventRounds "11"]
[EventCountry "IND"]
[SourceTitle "CBM 212 Extra"]
[Source "ChessBase"]
[SourceDate "2023.03.31"]
[SourceVersion "1"]
[SourceVersionDate "2023.03.31"]
[SourceQuality "1"]

1. e4 c6 2. d4 d5 3. e5 Bf5 4. h4 h5 5. Bd3 Bxd3 6. Qxd3 Qa5+ 7. Nd2 e6 8. Ngf3 Ne7 9. 0-0 Qa6 10. c4 Nd7 11. b3 Nf5 12. a4 Bb4 13. Ba3 Bxa3 14. Rxa3 Qa5 15. b4 dxc4 16. Nxc4 Qd8 17. a5 Nf8 18. Ne3 Ne7 19. Ng5 Nfg6 20. g3 Qd7 21. Ne4 Nc8 22. f4 Nge7 23. Nc5 Qc7 24. f5 exf5 25. Nxf5 0-0 26. Qf3 Nxf5 27. Qxf5 g6 28. Qg5 Qd8 29. Qf4 Ne7 30. Nxb7 Qb8 31. a6 Nd5 32. Qh6 Qc8 33. Raf3 Qg4 34. Qd2 Rab8 35. Kh2 Ne7 36. Nd6 Nd5 37. Nxf7 Rxf7 38. Rxf7 Nxb4 39. Qh6 1-0